Basic physics : a self-teaching guide
Αποθηκεύτηκε σε:
| Κύριος συγγραφέας: | |
|---|---|
| Μορφή: | Βιβλίο |
| Γλώσσα: | English |
| Δημοσίευση: |
New York :
John Wiley,
c1996.
|
| Έκδοση: | 2nd ed. |
| Θέματα: | |
| Ετικέτες: |
Προσθήκη ετικέτας
Δεν υπάρχουν, Καταχωρήστε ετικέτα πρώτοι!
|
MARC
| LEADER | 00000cam a2200000 i 4500 | ||
|---|---|---|---|
| 001 | 1/1449 | ||
| 008 | 000417s1996 nyu| ||| |||| ||eng|| | ||
| 020 | |a 0471134473 | ||
| 035 | |l 10060022 | ||
| 040 | |a GR-MyUa |b gre |e AACR2 | ||
| 041 | 0 | |a eng | |
| 082 | 7 | |a 530 |2 (22) | |
| 100 | 1 | |a Kuhn, Karl F. | |
| 245 | 1 | 0 | |a Basic physics : |b a self-teaching guide / |c Karl F. Kuhn. |
| 250 | |a 2nd ed. | ||
| 260 | |a New York : |b John Wiley, |c c1996. | ||
| 300 | |a xii, 301 σ. : |b εικ. ; |c 24 εκ. | ||
| 500 | |a Περιλαμβάνει ευρετήριο. | ||
| 650 | 0 | 0 | |a Physics. |
| 852 | |a INST |b SAMOS |e 20000417 |h 530 KUH |p 005300017629 |q 005300017629 |t BK |y 0 | ||
| 901 | |a BIBL3-2000-1 | ||
| 922 | |a 3ΕΛΗ |b 200003 |c ΚΠΣ |d ΠΑΠΑΣΩΤΗΡΙΟΥ | ||
| 950 | |a 116-1999-12-30 | ||
| 970 | |a ΚΟΣΙΕΡΗΣ |b ΧΡΗΣΤΟΣ |z 2000/04/20 | ||